[Event "ODJM B 2017"]
[Site "Willingen GER"]
[Date "2017.06.04"]
[Round "2"]
[White "Reyher, Susan"]
[Black "von der Weyden, Louis"]
[Result "1-0"]
[Termination "normal"]
[Board "1"]
[WhiteElo "1715"]
[BlackElo "1366"]
[WhiteClock "00:53:24"]
[BlackClock "00:41:02"]
[PlyCount "65"]
[WhiteFideId "24686107"]
[BlackFideId "16207050"]
[EventCountry "GER"]
[EventRounds "9"]
[EventType "swiss"]
[EventDate "2017.06.03"]

1. e4 e5 2. Bc4 Bc5 3. Nc3 Nf6 4. d3 h6 5. Be3 Bb6 6. Nge2 O-O 7. O-O Nc6 8.
Bxb6 axb6 9. f4 d6 10. f5 Ne7 11. h3 c6 12. g4 b5 13. Bb3 b4 14. Nb1 d5 15. Nd2
Qd7 16. Qe1 Rd8 17. Nf3 Qd6 18. Ng3 d4 19. g5 hxg5 20. Nxg5 Rf8 21. Qe2 Qd7 22.
Nh5 Ne8 23. Qg4 Qd6 24. Rf2 Qh6 25. Rg2 Bd7 26. Kh1 Ra6 27. Rag1 c5 28. Nf3 g6
29. Nxe5 Bc8 30. Qh4 Nc6 31. Nf6+ Kg7 32. Nh5+ Kg8 33. Nxg6 1-0

[Event "ODJM B 2017"]
[Site "Willingen GER"]
[Date "2017.06.04"]
[Round "2"]
[White "Leßmann, Sönke"]
[Black "Wirth, Tobias"]
[Result "1-0"]
[Termination "normal"]
[Board "2"]
[WhiteElo "1557"]
[BlackElo "1383"]
[WhiteClock "00:14:23"]
[BlackClock "00:18:48"]
[PlyCount "131"]
[WhiteFideId "16222520"]
[BlackFideId "16230213"]
[EventCountry "GER"]
[EventRounds "9"]
[EventType "swiss"]
[EventDate "2017.06.03"]

1. e4 d5 2. exd5 Qxd5 3. Nc3 Qd8 4. Nf3 Nf6 5. d4 Bf5 6. Bg5 e6 7. Bc4 c6 8.
O-O Be7 9. Bb3 O-O 10. Re1 Nbd7 11. Ne2 h6 12. Bxf6 Bxf6 13. Ng3 Bg6 14. Qe2
Nb6 15. Rad1 Qc7 16. Ne4 Be7 17. c3 Nd5 18. Bc2 Nf4 19. Qd2 Bh7 20. Ne5 Nd5 21.
Ng3 Nf6 22. Bxh7+ Nxh7 23. Qe2 Nf6 24. Ng4 Qa5 25. Nxf6+ Bxf6 26. Qg4 Qg5 27.
Qf3 Qd5 28. Ne4 Be7 29. b3 b5 30. Qd3 Rfd8 31. c4 Qd7 32. Re3 a6 33. Qc3 Qa7
34. Rg3 Bf8 35. Qe3 g6 36. Nf6+ Kg7 37. Qe5 Rab8 38. Nd7+ Kh7 39. Nxb8 Qxb8 40.
Qxb8 Rxb8 41. cxb5 Rxb5 42. Rc3 c5 43. dxc5 Rxc5 44. Rxc5 Bxc5 45. Rd7 Kg7 46.
Rc7 Bb4 47. f3 g5 48. Kf2 a5 49. g4 Bd6 50. Rd7 Be5 51. h3 Kg6 52. Ke3 Bc3 53.
Ke4 f5+ 54. Kd3 Bb4 55. Ra7 fxg4 56. fxg4 h5 57. Ra6 hxg4 58. hxg4 Kf6 59. Ke4
Bc3 60. a3 Ke7 61. Rb6 Kd7 62. b4 axb4 63. axb4 Bf6 64. Ra6 Bd8 65. Ra8 Be7 66.
Ra7+ 1-0

[Event "ODJM B 2017"]
[Site "Willingen GER"]
[Date "2017.06.04"]
[Round "2"]
[White "Schilay, Maria"]
[Black "Grone, Lion"]
[Result "1-0"]
[Termination "normal"]
[Board "3"]
[WhiteElo "1322"]
[BlackElo "1545"]
[WhiteClock "00:12:39"]
[BlackClock "01:10:38"]
[PlyCount "55"]
[WhiteFideId "12942979"]
[BlackFideId "16245032"]
[EventCountry "GER"]
[EventRounds "9"]
[EventType "swiss"]
[EventDate "2017.06.03"]

1. e4 e6 2. Nc3 d5 3. Nf3 c5 4. d4 Nf6 5. e5 Nfd7 6. Bf4 Qb6 7. Rb1 a6 8. Be2
Nc6 9. dxc5 Bxc5 10. O-O Qc7 11. Re1 Ndxe5 12. Nxe5 Nxe5 13. Bxe5 Qb6 14. Bg3
Bd7 15. Bf3 O-O 16. Qd2 Rac8 17. a3 Qd8 18. Rbd1 b5 19. b4 Ba7 20. Rc1 Bb6 21.
Be5 Bc7 22. Bxc7 Rxc7 23. Re3 Qf6 24. Bxd5 exd5 25. Nxd5 Qd8 26. Nxc7 Qxc7 27.
Re7 Rd8 28. Rd1 1-0

[Event "ODJM B 2017"]
[Site "Willingen GER"]
[Date "2017.06.04"]
[Round "2"]
[White "Rautenberg, Jakob"]
[Black "Jung, Melanie"]
[Result "1-0"]
[Termination "normal"]
[Board "4"]
[WhiteElo "1695"]
[BlackElo "1359"]
[WhiteClock "01:27:03"]
[BlackClock "00:25:00"]
[PlyCount "91"]
[WhiteFideId "16214749"]
[BlackFideId "16222911"]
[EventCountry "GER"]
[EventRounds "9"]
[EventType "swiss"]
[EventDate "2017.06.03"]

1. e4 e5 2. Nf3 Nc6 3. d4 exd4 4. Nxd4 Bc5 5. Be3 Qf6 6. c3 Nge7 7. Bc4 b6 8.
O-O O-O 9. Nxc6 Bxe3 10. Nxe7+ Qxe7 11. fxe3 Qxe4 12. Qd4 Bb7 13. Qxe4 Bxe4 14.
Nd2 Rae8 15. Rae1 Bc6 16. Nf3 Re7 17. Nd4 Bb7 18. Rf4 a6 19. Rg4 Re5 20. Rf1 b5
21. Bb3 Be4 22. Bc2 Bg6 23. Bxg6 hxg6 24. Rf3 f5 25. Rh4 g5 26. Rh5 c5 27. Nc2
g4 28. Rf4 g6 29. Rg5 Kg7 30. h4 gxh3 31. gxh3 Rh8 32. Kh2 Rd5 33. Rf2 Kf6 34.
Rg1 g5 35. e4 Re5 36. Rxf5+ Rxf5 37. exf5 Kxf5 38. Ne3+ Kf4 39. Nd5+ Kf5 40.
Re1 g4 41. Ne3+ Ke4 42. Nxg4+ Kd3 43. Ne5+ Kd2 44. Rg1 d5 45. Rg6 a5 46. Rd6
1-0

[Event "ODJM B 2017"]
[Site "Willingen GER"]
[Date "2017.06.04"]
[Round "2"]
[White "Götz, Timon"]
[Black "Neppert, Paul"]
[Result "0-1"]
[Termination "normal"]
[Board "5"]
[WhiteElo "1385"]
[BlackElo "1598"]
[WhiteClock "00:56:01"]
[BlackClock "00:46:37"]
[PlyCount "92"]
[WhiteFideId "16245040"]
[BlackFideId "16219414"]
[EventCountry "GER"]
[EventRounds "9"]
[EventType "swiss"]
[EventDate "2017.06.03"]

1. c4 e5 2. e3 Nc6 3. a3 d6 4. Qc2 g6 5. b4 Bg7 6. Bb2 Be6 7. d3 Nf6 8. Nd2 O-O
9. Ngf3 Qe7 10. Rc1 Nd7 11. Be2 f5 12. Bc3 Nf6 13. b5 Nd8 14. Nb3 Nf7 15. Bb4
Rfc8 16. d4 e4 17. Ne5 Qd8 18. Rd1 dxe5 19. dxe5 Nd7 20. Nc5 Qe8 21. Nxe6 Qxe6
22. f4 exf3 23. Bxf3 c6 24. Bd6 Ndxe5 25. bxc6 Nxf3+ 26. Kf2 Rxc6 27. c5 Nxd6
28. Rxd6 Qxd6 29. Qc4+ Qe6 30. Qxe6+ Rxe6 31. gxf3 Rae8 32. Rb1 b6 33. cxb6
Rxb6 34. Rd1 Rb3 35. a4 Rbxe3 36. Rd7 a5 37. Rd5 Bc3 38. Rc5 Bb4 39. Rc8 Re2+
40. Kf1 Re1+ 41. Kf2 Rxc8 42. h4 f4 43. Kg2 Rc2+ 44. Kh3 Rg1 45. h5 Rg3+ 46.
Kh4 Rh2# 0-1

[Event "ODJM B 2017"]
[Site "Willingen GER"]
[Date "2017.06.04"]
[Round "2"]
[White "Strohschneider, Leon"]
[Black "Schulze, Lukas"]
[Result "1/2-1/2"]
[Termination "normal"]
[Board "6"]
[WhiteElo "1302"]
[BlackElo "1408"]
[WhiteClock "00:27:58"]
[BlackClock "00:23:55"]
[PlyCount "107"]
[WhiteFideId "16211634"]
[BlackFideId "12956856"]
[EventCountry "GER"]
[EventRounds "9"]
[EventType "swiss"]
[EventDate "2017.06.03"]

1. e4 c6 2. Nc3 d5 3. exd5 cxd5 4. d4 Nf6 5. Nf3 Nc6 6. Bb5 g6 7. O-O Bg7 8. h3
O-O 9. Re1 Bf5 10. Be3 Qb6 11. Rb1 Ne4 12. Bxc6 bxc6 13. Nxe4 Bxe4 14. Ne5 Qc7
15. Bf4 Qa5 16. Ra1 Qb4 17. b3 Qc3 18. Rc1 c5 19. Nd7 Rfc8 20. Nxc5 Bxd4 21.
Nxe4 dxe4 22. Rxe4 Rd8 23. Qe2 e6 24. Rd1 Rac8 25. Kf1 Bb6 26. Rxd8+ Rxd8 27.
Rc4 Qa1+ 28. Qe1 Rd1 29. Rc8+ Kg7 30. Be5+ Qxe5 31. Qxd1 Qf6 32. Qe2 Qa1+ 33.
Qe1 Qxa2 34. g3 Qa6+ 35. Rc4 Qb7 36. Kg1 Qf3 37. Qe5+ f6 38. Qe1 Qxg3+ 39. Kf1
Qxh3+ 40. Ke2 Qh5+ 41. Kd2 Ba5+ 42. c3 Qd5+ 43. Kc2 e5 44. Qe3 Bb6 45. Qe2 Qg2
46. Qd3 Qxf2+ 47. Kb1 Qg1+ 48. Ka2 Qf2+ 49. Ka3 Qe1 50. Qd7+ Kh6 51. Qh3+ Kg7
52. Qd7+ Kh6 53. Qh3+ Kg7 54. Qd7+ 1/2-1/2

[Event "ODJM B 2017"]
[Site "Willingen GER"]
[Date "2017.06.04"]
[Round "2"]
[White "Haase, Dominik"]
[Black "Abicht, Aruna Sophia"]
[Result "1-0"]
[Termination "normal"]
[Board "7"]
[WhiteElo "1468"]
[BlackElo "1281"]
[PlyCount "117"]
[WhiteFideId "16208781"]
[EventCountry "GER"]
[EventRounds "9"]
[EventType "swiss"]
[EventDate "2017.06.03"]

1. d4 Nf6 2. c4 g6 3. Nc3 Bg7 4. e4 d6 5. f3 O-O 6. Be3 e5 7. d5 Nh5 8. Bd3 Nf4
9. Qd2 Qg5 10. Bf1 Bh6 11. Kf2 Qh5 12. g3 Nh3+ 13. Bxh3 Bxe3+ 14. Qxe3 Bxh3 15.
Nxh3 Qxh3 16. Rag1 f5 17. Qg5 fxe4 18. Nxe4 Qf5 19. Qxf5 Rxf5 20. Ke3 Nd7 21.
h4 a5 22. Ng5 Nc5 23. Rh2 h6 24. Ne4 Nxe4 25. fxe4 Rf7 26. Rgg2 c6 27. Rf2 Raf8
28. Rxf7 Rxf7 29. dxc6 bxc6 30. Rd2 Rf6 31. Rd3 Kf7 32. Ra3 g5 33. hxg5 hxg5
34. Rxa5 g4 35. Ke2 Rf3 36. Ra7+ Ke6 37. Rg7 Rxg3 38. Kf2 Rf3+ 39. Kg2 Rf4 40.
b3 Rxe4 41. a4 Re3 42. Rb7 Rf3 43. a5 e4 44. a6 Rf8 45. a7 Ra8 46. b4 e3 47. b5
cxb5 48. cxb5 e2 49. Kf2 Rf8+ 50. Kxe2 g3 51. Rg7 Rf2+ 52. Ke1 Ra2 53. Kf1 g2+
54. Kg1 Kf6 55. Rb7 d5 56. b6 d4 57. Rd7 Ke5 58. b7 Rxa7 59. b8=Q+ 1-0

[Event "ODJM B 2017"]
[Site "Willingen GER"]
[Date "2017.06.04"]
[Round "2"]
[White "Schulter, Moritz"]
[Black "Roth, Ludwig"]
[Result "1-0"]
[Termination "normal"]
[Board "8"]
[WhiteElo "1324"]
[BlackElo "1425"]
[PlyCount "59"]
[WhiteFideId "16245067"]
[BlackFideId "12952621"]
[EventCountry "GER"]
[EventRounds "9"]
[EventType "swiss"]
[EventDate "2017.06.03"]

1. e4 d6 2. d4 Nf6 3. Nc3 g6 4. f4 Bg7 5. Nf3 O-O 6. e5 dxe5 7. fxe5 Nd5 8. Bc4
Nxc3 9. bxc3 Nc6 10. O-O Bf5 11. Ng5 Qd7 12. Bb2 Bh6 13. Nf3 Na5 14. Bd3 Bxd3
15. cxd3 Rad8 16. Qe2 e6 17. Qe4 c5 18. Ba3 b6 19. dxc5 Qxd3 20. Qxd3 Rxd3 21.
cxb6 Be3+ 22. Kh1 Rc8 23. bxa7 Bxa7 24. Rfd1 Rdxc3 25. Bb4 Rxf3 26. gxf3 Nc4
27. Rac1 Rc6 28. Rd8+ Kg7 29. Bf8+ Kg8 30. Bh6# 1-0

[Event "ODJM B 2017"]
[Site "Willingen GER"]
[Date "2017.06.04"]
[Round "2"]
[White "Ljuca, Semir"]
[Black "Langer, Paul Georg"]
[Result "1/2-1/2"]
[Termination "normal"]
[Board "9"]
[WhiteElo "1263"]
[BlackElo "1414"]
[PlyCount "66"]
[WhiteFideId "16216130"]
[BlackFideId "16230051"]
[EventCountry "GER"]
[EventRounds "9"]
[EventType "swiss"]
[EventDate "2017.06.03"]

1. e4 e5 2. d4 exd4 3. Qxd4 Nc6 4. Qe3 b6 5. Nc3 Bc5 6. Qg3 g6 7. Nb5 Nd4 8.
Nxd4 Bxd4 9. Bc4 Ne7 10. Nf3 Bg7 11. Ng5 O-O 12. Qh4 h6 13. Nxf7 Rxf7 14. Bxf7+
Kxf7 15. Bxh6 Qh8 16. Qf4+ Kg8 17. Bxg7 Qxg7 18. c3 Bb7 19. O-O Rf8 20. Qg5 d5
21. exd5 Nxd5 22. Rad1 Rf5 23. Qg3 Qh6 24. Rfe1 Rg5 25. Qf3 Qf8 26. Qxf8+ Kxf8
27. c4 Nf6 28. Rd8+ Kf7 29. Rb8 Bxg2 30. Ree8 Nh5 31. Rbd8 Bh3+ 32. Kh1 Bg2+
33. Kg1 Bh3+ 1/2-1/2

[Event "ODJM B 2017"]
[Site "Willingen GER"]
[Date "2017.06.04"]
[Round "2"]
[White "Youness, Fatima"]
[Black "Thorz, Maximilian"]
[Result "0-1"]
[Termination "normal"]
[Board "10"]
[WhiteElo "1493"]
[BlackElo "1596"]
[PlyCount "34"]
[WhiteFideId "16214404"]
[BlackFideId "16220668"]
[EventCountry "GER"]
[EventRounds "9"]
[EventType "swiss"]
[EventDate "2017.06.03"]

1. e4 c5 2. Nf3 d6 3. Nc3 a6 4. d4 cxd4 5. Nxd4 Nf6 6. Bg5 e5 7. Nf3 Be6 8. Bd3
Be7 9. O-O O-O 10. Qe2 Nc6 11. a3 Bg4 12. h3 Bh5 13. Qe3 Bxf3 14. Qxf3 Nd4 15.
Qe3 Rc8 16. f4 Qb6 17. Rab1 Ne2+ 0-1

[Event "ODJM B 2017"]
[Site "Willingen GER"]
[Date "2017.06.04"]
[Round "2"]
[White "Ebeling, Gereon"]
[Black "Winterberg, Martin"]
[Result "1-0"]
[Termination "normal"]
[Board "11"]
[WhiteElo "1358"]
[BlackElo "1207"]
[PlyCount "31"]
[WhiteFideId "16223160"]
[BlackFideId "16245091"]
[EventCountry "GER"]
[EventRounds "9"]
[EventType "swiss"]
[EventDate "2017.06.03"]

1. e4 c5 2. Nf3 Nc6 3. d4 cxd4 4. Nxd4 g6 5. Nc3 Bg7 6. Be3 Nf6 7. Qd2 O-O 8.
Bb5 Ng4 9. Nxc6 bxc6 10. Be2 Nxe3 11. Qxe3 d5 12. exd5 cxd5 13. O-O-O d4 14.
Qf3 Bf5 15. Ne4 Qd5 16. Nf6+ 1-0

[Event "ODJM B 2017"]
[Site "Willingen GER"]
[Date "2017.06.04"]
[Round "2"]
[White "Ding, Zheheng"]
[Black "Schönweiler, Elisabeth"]
[Result "1-0"]
[Termination "normal"]
[Board "12"]
[WhiteElo "1800"]
[BlackElo "1341"]
[PlyCount "47"]
[WhiteFideId "16240413"]
[BlackFideId "12997005"]
[EventCountry "GER"]
[EventRounds "9"]
[EventType "swiss"]
[EventDate "2017.06.03"]

1. e4 e5 2. Nf3 Nc6 3. Bb5 a6 4. Ba4 Nf6 5. d3 b5 6. Bb3 Be7 7. O-O d6 8. c3
O-O 9. Re1 Bb7 10. Nbd2 Re8 11. Nf1 Qd7 12. Ng3 Bf8 13. Bg5 Qd8 14. Nf5 Ne7 15.
N3h4 Bc8 16. Bxf6 gxf6 17. Qh5 Be6 18. Nh6+ Bxh6 19. Qxh6 Ng6 20. Nf5 Bxf5 21.
exf5 Nf8 22. Re3 d5 23. Rg3+ Kh8 24. Qg7# 1-0

[Event "ODJM B 2017"]
[Site "Willingen GER"]
[Date "2017.06.04"]
[Round "2"]
[White "Frank, Carolin"]
[Black "Abou Wally, Adrian"]
[Result "1-0"]
[Termination "normal"]
[Board "13"]
[WhiteElo "1487"]
[BlackElo "1197"]
[PlyCount "121"]
[WhiteFideId "16207190"]
[BlackFideId "16245113"]
[EventCountry "GER"]
[EventRounds "9"]
[EventType "swiss"]
[EventDate "2017.06.03"]

1. Nf3 Nf6 2. g3 Nc6 3. Bg2 e5 4. O-O Bc5 5. c4 d6 6. Nc3 Be6 7. d3 O-O 8. a3
Qd7 9. b4 Bb6 10. Re1 Bh3 11. Bh1 Nd4 12. Bg5 Nh5 13. Ne4 h6 14. Be3 f5 15. Nc3
f4 16. Bxd4 exd4 17. Nd5 Nf6 18. Nxb6 axb6 19. Nxd4 c6 20. Qb3 Kh8 21. a4 Ra7
22. Nf3 Raa8 23. d4 Nh5 24. b5 c5 25. Qd3 Qg4 26. Nh4 Rf7 27. Ng6+ Kg8 28. Bd5
Re8 29. Bxf7+ Kxf7 30. Nh4 Re6 31. Qf3 g5 32. Qxg4 Bxg4 33. Nf3 Nf6 34. d5 Re4
35. Rac1 Kg6 36. Kg2 Kh5 37. e3 fxe3 38. Rxe3 Rxe3 39. fxe3 Ne4 40. h3 Bxf3+
41. Kxf3 Nd2+ 42. Ke2 Nb3 43. Rf1 Kg6 44. Rf8 Kg7 45. Rd8 Kf7 46. Rxd6 Ke7 47.
Rxh6 Kd7 48. Rg6 Kc7 49. Rxg5 Kb8 50. d6 Kc8 51. h4 Nd4+ 52. exd4 cxd4 53. h5
d3+ 54. Kxd3 Kb8 55. Rg8+ Ka7 56. Rg7 Kb8 57. h6 Ka8 58. h7 Ka7 59. d7 Kb8 60.
d8=Q+ Ka7 61. Qd7 1-0

[Event "ODJM B 2017"]
[Site "Willingen GER"]
[Date "2017.06.04"]
[Round "2"]
[White "Reuter, Marek"]
[Black "Chouiki, Tarek"]
[Result "0-1"]
[Termination "normal"]
[Board "14"]
[WhiteElo "1649"]
[BlackElo "1181"]
[PlyCount "140"]
[WhiteFideId "16226712"]
[BlackFideId "16212266"]
[EventCountry "GER"]
[EventRounds "9"]
[EventType "swiss"]
[EventDate "2017.06.03"]

1. e4 c6 2. Nc3 d5 3. f4 dxe4 4. Nxe4 Bf5 5. Ng3 e6 6. Nxf5 exf5 7. Nf3 Nf6 8.
d4 g6 9. Bc4 Bg7 10. O-O O-O 11. c3 Nbd7 12. Qc2 Re8 13. b3 Qc7 14. g3 c5 15.
Bb2 Nb6 16. Bd3 Nbd5 17. Qd2 Ne4 18. Qc1 cxd4 19. Nxd4 Nexc3 20. Bxc3 Nxc3 21.
Nb5 Qc5+ 22. Rf2 Re2 23. Qf1 Rxf2 24. Qxf2 Qxf2+ 25. Kxf2 Nxb5 26. Re1 a6 27.
Kg2 Rd8 28. Rd1 Nc3 29. Rd2 Ne4 30. Rd1 Nc5 31. Kf3 Rxd3+ 32. Ke2 Rxd1 33. Kxd1
Kf8 34. Kd2 Ke7 35. Ke3 Ke6 36. Kd2 Ne4+ 37. Kd3 Nf2+ 38. Ke2 Ng4 39. h3 Nf6
40. Kd3 h6 41. Ke3 Nd5+ 42. Kf3 Bf8 43. h4 Nc3 44. a4 b5 45. axb5 axb5 46. Ke3
Nd5+ 47. Kd4 f6 48. Kd3 Be7 49. Kd4 g5 50. Kd3 gxh4 51. gxh4 Nxf4+ 52. Ke3 Ng2+
53. Kf3 Nxh4+ 54. Kf4 Bd6+ 55. Ke3 Ke5 56. Ke2 f4 57. Kf2 Bc5+ 58. Kf1 Ke4 59.
Ke2 Nf5 60. Kf1 h5 61. Kg2 f3+ 62. Kf1 h4 63. Ke1 Ke3 64. Kf1 Ng3+ 65. Ke1 f2+
66. Kd1 f1=Q+ 67. Kc2 Qd3+ 68. Kb2 Qd2+ 69. Kb1 Ba3 70. Ka1 Qb2# 0-1

[Event "ODJM B 2017"]
[Site "Willingen GER"]
[Date "2017.06.04"]
[Round "2"]
[White "Borgmann, Simon"]
[Black "Bakalarz, Adrian"]
[Result "1/2-1/2"]
[Termination "normal"]
[Board "15"]
[WhiteElo "1647"]
[BlackElo "1039"]
[PlyCount "60"]
[WhiteFideId "16234677"]
[BlackFideId "12955809"]
[EventCountry "GER"]
[EventRounds "9"]
[EventType "swiss"]
[EventDate "2017.06.03"]

1. d4 d5 2. Nf3 Bf5 3. e3 e6 4. c4 dxc4 5. Bxc4 Nf6 6. Nc3 Bb4 7. Qa4+ Nc6 8.
Ne5 O-O 9. Nxc6 Bxc3+ 10. bxc3 bxc6 11. Qxc6 Be4 12. Qa4 Nd5 13. O-O Nxc3 14.
Qb3 Nd5 15. Bd3 Rb8 16. Qd1 Bxd3 17. Qxd3 Nb4 18. Qc4 Nd5 19. Ba3 Re8 20. Bc5
Rb7 21. Rab1 Qb8 22. Qc2 e5 23. e4 Nf6 24. d5 Nd7 25. Ba3 Rc8 26. Rfc1 Nf6 27.
f3 Ne8 28. Rxb7 Qxb7 29. Rb1 Qa6 30. Qc5 Nd6 1/2-1/2

[Event "ODJM B 2017"]
[Site "Willingen GER"]
[Date "2017.06.04"]
[Round "2"]
[White "Sohr, Jim"]
[Black "Lohrmann, Linus"]
[Result "0-1"]
[Termination "normal"]
[Board "16"]
[WhiteElo "1205"]
[BlackElo "1422"]
[PlyCount "82"]
[WhiteFideId "16245105"]
[BlackFideId "12982857"]
[EventCountry "GER"]
[EventRounds "9"]
[EventType "swiss"]
[EventDate "2017.06.03"]

1. e4 e5 2. Nf3 Nc6 3. Bb5 Bc5 4. Nc3 d6 5. d3 h6 6. O-O Nf6 7. Qe2 Bd7 8. Be3
Bxe3 9. Qxe3 Ng4 10. Qe2 a6 11. Bxc6 Bxc6 12. Rad1 Qd7 13. d4 b5 14. dxe5 b4
15. h3 bxc3 16. bxc3 Qe6 17. hxg4 Bb5 18. Nd4 Bxe2 19. Nxe6 fxe6 20. exd6 cxd6
21. Rxd6 Bxf1 22. Kxf1 Ke7 23. Rd3 Rhd8 24. Ke2 Rxd3 25. cxd3 Rb8 26. Ke3 Rb2
27. g3 Rxa2 28. f4 Rb2 29. f5 a5 30. Kd4 a4 31. Ke5 Rb5+ 32. Kd4 a3 33. c4 a2
34. cxb5 a1=Q+ 35. Kc5 Qc3+ 36. Kb6 exf5 37. gxf5 Qxd3 38. Ka6 Qxe4 39. b6 Qa8+
40. Kb5 Qb7 41. g4 Kd6 0-1

[Event "ODJM B 2017"]
[Site "Willingen GER"]
[Date "2017.06.04"]
[Round "2"]
[White "Senechal, Niklas Bennett"]
[Black "Frank, Marian"]
[Result "1-0"]
[Termination "normal"]
[Board "17"]
[WhiteElo "1399"]
[BlackElo "1343"]
[PlyCount "53"]
[WhiteFideId "16231180"]
[BlackFideId "16245059"]
[EventCountry "GER"]
[EventRounds "9"]
[EventType "swiss"]
[EventDate "2017.06.03"]

1. e4 e5 2. Nf3 Nc6 3. Bb5 Bc5 4. O-O Nf6 5. Bxc6 dxc6 6. Nxe5 Qd4 7. Nf3 Qc4
8. d3 Qe6 9. Bf4 Bd6 10. Nd4 Qe7 11. e5 O-O 12. exd6 cxd6 13. Re1 Qd8 14. Qf3
Qb6 15. Nb3 d5 16. Nc3 Qb4 17. Qg3 Nh5 18. Bd6 Qxc3 19. bxc3 Nxg3 20. Bxf8 Kxf8
21. fxg3 Bg4 22. Re3 b6 23. Rae1 Be6 24. Nd4 Bd7 25. Re7 Be8 26. Nf5 Rd8 27.
Nd6 1-0

[Event "ODJM B 2017"]
[Site "Willingen GER"]
[Date "2017.06.04"]
[Round "2"]
[White "Wagner, Margarethe"]
[Black "König, Dominik"]
[Result "1-0"]
[Termination "normal"]
[Board "19"]
[WhiteElo "1293"]
[BlackElo "1150"]
[PlyCount "35"]
[WhiteFideId "16236947"]
[BlackFideId "16245148"]
[EventCountry "GER"]
[EventRounds "9"]
[EventType "swiss"]
[EventDate "2017.06.03"]

1. e4 e6 2. d4 d5 3. e5 c5 4. c3 Nc6 5. Nf3 Qb6 6. Be2 Bd7 7. O-O cxd4 8. cxd4
f6 9. exf6 Nxf6 10. Nc3 Bd6 11. Rb1 e5 12. dxe5 Nxe5 13. Nxe5 Bxe5 14. Nxd5 Qe6
15. Nxf6+ Bxf6 16. Re1 O-O 17. b3 Bc6 18. Bc4 1-0

[Event "ODJM B 2017"]
[Site "Willingen GER"]
[Date "2017.06.04"]
[Round "2"]
[White "Hapke, Lara"]
[Black "Kobald, Pierre"]
[Result "1-0"]
[Termination "normal"]
[Board "20"]
[WhiteElo "1347"]
[BlackElo "1287"]
[PlyCount "56"]
[WhiteFideId "12996572"]
[BlackFideId "12983659"]
[EventCountry "GER"]
[EventRounds "9"]
[EventType "swiss"]
[EventDate "2017.06.03"]

1. e4 c5 2. Nf3 Nc6 3. d4 cxd4 4. Nxd4 g6 5. Be3 Bg7 6. Nc3 Nf6 7. f3 O-O 8.
Qd2 d5 9. O-O-O dxe4 10. Nxe4 Nxe4 11. fxe4 Nxd4 12. Bxd4 Bxd4 13. Qxd4 Qxd4
14. Rxd4 Be6 15. Kb1 Rac8 16. Be2 Rfd8 17. Rhd1 Rxd4 18. Rxd4 f5 19. Bf3 fxe4
20. Rxe4 Bf5 21. Re2 e6 22. Bxb7 Rc7 23. Be4 Bg4 24. Bf3 Rf7 25. Re3 Bf5 26. b3
Rd7 27. g4 Bxg4 28. Bxg4 Kf7 1-0

[Event "ODJM B 2017"]
[Site "Willingen GER"]
[Date "2017.06.04"]
[Round "2"]
[White "Hierl, Johannes"]
[Black "Schotthöfer, Samira"]
[Result "1-0"]
[Termination "normal"]
[Board "22"]
[WhiteElo "1275"]
[BlackElo "1113"]
[PlyCount "73"]
[WhiteFideId "16235096"]
[BlackFideId "16243455"]
[EventCountry "GER"]
[EventRounds "9"]
[EventType "swiss"]
[EventDate "2017.06.03"]

1. Nc3 d5 2. e4 d4 3. Nce2 c5 4. d3 Nc6 5. Nf3 Bg4 6. Ng3 Nf6 7. Be2 e6 8. Bg5
Be7 9. h3 Bxf3 10. Bxf3 h6 11. Bxf6 Bxf6 12. O-O Ne5 13. Be2 O-O 14. f4 Ng6 15.
Bh5 Bh4 16. Qf3 Rc8 17. Rf2 Qf6 18. Kh2 e5 19. Bxg6 fxg6 20. Raf1 exf4 21. Qxf4
Bxg3+ 22. Qxg3 Qe6 23. Rxf8+ Rxf8 24. Rxf8+ Kxf8 25. Qb8+ Qe8 26. Qxe8+ Kxe8
27. Kg3 Kf7 28. Kf4 Kf6 29. c3 dxc3 30. bxc3 b5 31. Ke3 Ke5 32. d4+ cxd4+ 33.
cxd4+ Kd6 34. Kd3 a5 35. d5 h5 36. Kd4 g5 37. e5+ 1-0

[Event "ODJM B 2017"]
[Site "Willingen GER"]
[Date "2017.06.04"]
[Round "2"]
[White "Färber, Sophie"]
[Black "Lorenz, Keana"]
[Result "0-1"]
[Termination "normal"]
[Board "23"]
[WhiteElo "1093"]
[BlackElo "1270"]
[PlyCount "95"]
[WhiteFideId "16239121"]
[BlackFideId "12990248"]
[EventCountry "GER"]
[EventRounds "9"]
[EventType "swiss"]
[EventDate "2017.06.03"]

1. e4 c5 2. Bc4 Nc6 3. Nc3 Nf6 4. Nf3 g6 5. d4 cxd4 6. Nxd4 Bg7 7. Be3 O-O 8.
O-O e6 9. Nf3 a6 10. a4 Na5 11. Ba2 b6 12. Bg5 Qc7 13. Qd3 Bb7 14. Rab1 h6 15.
Bh4 Rfd8 16. Bg3 Qc8 17. Bd6 Ne8 18. Be7 Qc7 19. Bxd8 Rxd8 20. Rfe1 Nf6 21. e5
Nh5 22. Re3 Bxf3 23. Rxf3 Bxe5 24. g3 Nc6 25. Bb3 Nb4 26. Qe4 a5 27. Nb5 Qb8
28. c3 d5 29. Qe3 Nc6 30. Rd1 Bg7 31. Qe2 d4 32. Rfd3 e5 33. Qe4 Qc8 34. Qxg6
Nf6 35. Qxf7+ Kh8 36. Be6 Qb8 37. Rf3 Rf8 38. Qg6 e4 39. Rf4 Ne7 40. Rxf6 Nxg6
41. Rxg6 Qe8 42. Rxg7 Kxg7 43. Bc4 Qc6 44. Bf1 Qf6 45. Nxd4 Qxf2+ 46. Kh1 e3
47. Ne6+ Kf7 48. Nxf8 0-1

[Event "ODJM B 2017"]
[Site "Willingen GER"]
[Date "2017.06.04"]
[Round "2"]
[White "Hoffmann, Kay"]
[Black "Cheredzhiyska, Iva"]
[Result "1/2-1/2"]
[Termination "normal"]
[Board "24"]
[WhiteElo "1059"]
[BlackElo "1091"]
[PlyCount "78"]
[WhiteFideId "16227000"]
[BlackFideId "16241622"]
[EventCountry "GER"]
[EventRounds "9"]
[EventType "swiss"]
[EventDate "2017.06.03"]

1. d4 d5 2. Nf3 Nf6 3. e3 Bg4 4. Be2 Nbd7 5. O-O e6 6. b3 Bd6 7. Bb2 O-O 8. Ne5
Bxe2 9. Qxe2 Ne4 10. f4 Ndf6 11. Nd2 Nxd2 12. Qxd2 Ne4 13. Qe2 Qf6 14. Rf3 Bxe5
15. fxe5 Qe7 16. Raf1 f6 17. exf6 Rxf6 18. Rxf6 Nxf6 19. c4 c6 20. cxd5 exd5
21. Rf5 Re8 22. Re5 Qf7 23. Rxe8+ Qxe8 24. Ba3 Ne4 25. Bb4 Qg6 26. Qf3 Qf7 27.
Qxf7+ Kxf7 28. Bc5 b6 29. Bb4 a5 30. Be1 Kf6 31. Bh4+ g5 32. Bf2 Kf5 33. h3 h5
34. Be1 h4 35. Kf1 Ke6 36. a4 Kd7 37. Ke2 Kc7 38. b4 axb4 39. Bxb4 Kb7 1/2-1/2

[Event "ODJM B 2017"]
[Site "Willingen GER"]
[Date "2017.06.04"]
[Round "2"]
[White "Schmidt, Pauline"]
[Black "Guo, Philipp Ziming"]
[Result "0-1"]
[Termination "normal"]
[Board "25"]
[WhiteElo "1244"]
[BlackElo "1070"]
[PlyCount "66"]
[WhiteFideId "16209850"]
[BlackFideId "16245199"]
[EventCountry "GER"]
[EventRounds "9"]
[EventType "swiss"]
[EventDate "2017.06.03"]

1. e4 e5 2. Nf3 Nc6 3. Bc4 Bc5 4. c3 Nf6 5. d4 exd4 6. O-O O-O 7. cxd4 Bb6 8.
d5 Ne7 9. e5 Ne4 10. Qc2 Nc5 11. b4 Na6 12. Bxa6 bxa6 13. a4 a5 14. bxa5 Bxa5
15. Bg5 h6 16. Bh4 d6 17. Bxe7 Qxe7 18. exd6 Qxd6 19. Qc6 Bd7 20. Qxd6 cxd6 21.
Nbd2 Rfe8 22. Nc4 Bb4 23. Rfb1 Bc5 24. Rb7 Bc8 25. Rc7 Rb8 26. Kf1 Ba6 27. Nfd2
Rb4 28. Rc1 Rxa4 29. Rc6 Re5 30. Kg1 Bxc4 31. Nxc4 Rxc4 32. Rd1 Rxd5 33. Rxd5
Rc1+ 0-1